| 000 | 00588nam a2200193Ia 4500 | ||
|---|---|---|---|
| 008 | 131103s9999 xx 000 0 und d | ||
| 020 | _a0-553-23978-3 | ||
| 040 | _aLoreto College | ||
| 041 | _aEnglish | ||
| 082 |
_a808.83/GOD _bLCLIB/40095 |
||
| 245 |
_a75 short masterpices _b stoeies from the world's literature _cedited by Roger B. Goodman |
||
| 260 |
_aNew York _bBantam Books _c1961 |
||
| 300 |
_a[11], 283 p. _c 17 cm. |
||
| 650 | _aEnglish Literature - | ||
| 651 | _aFiction - Stories - | ||
| 700 | _aGoodman, Roger B., ed. | ||
| 850 | _aLCLIB/808.83/GOD | ||
| 942 | _cBK | ||
| 999 |
_c1789 _d52268 |
||